Sports Quiz

Random Sports Quiz

Last Five Teams Quiz Stats

 Plays Quiz not verified by Sporcle

Support Sporcle.
Go Orange.
Score 0/25 Timer 04:00
0 Plays Today
% Correct
Spain
94.7%
France
93.9%
Brazil
93.1%
Brazil
93.1%
Italy
92.4%
Manchester United
87%
Chelsea
84.7%
Chelsea
84.7%
Chelsea
84.7%
Green Bay Packers
82.4%
Barcelona
80.9%
Barcelona
80.9%
Pittsburgh Steelers
79.4%
% Correct
New York Giants
79.4%
New Orleans Saints
76.3%
Australia
75.6%
Australia
75.6%
Liverpool
75.6%
Indianapolis Colts
74%
England
69.5%
Milan
64.9%
South Africa
64.1%
South Africa
64.1%
Internazionale
62.6%
Portsmouth
38.2%

You're not logged in!

Compare scores with friends on all Sporcle quizzes.
OR
Log In

From the Vault

'M' in Geography

by RobPro

You must be a geography master if you want to get all of these right.
Remove Ads.
Support Sporcle.
Get the best of Sporcle when you Go Orange. This ad-free experience offers more features, more stats, and more fun while also helping to support Sporcle. Thank you for becoming a member.

Show Comments

Extras

Created Mar 6, 2011ReportNominate
Tags:Five, last, name, team, Win

Top Quizzes Today


Score Distribution

Your Account Isn't Verified!

In order to create a playlist on Sporcle, you need to verify the email address you used during registration. Go to your Sporcle Settings to finish the process.

Report this User

Report this user for behavior that violates our Community Guidelines.

Details: